• 首页
  • 本馆介绍
  • 公告通知
  • 最新文献
  • 馆藏检索
  • 电子资源
  • 读者导购
  • 参考咨询
  • 我的图书馆
  • 登录
  • 详细信息显示
  • 放入我的书架
  • 预约/预借图书
  • 作者相关作品
  • 分类相关作品
  • 丛书相关作品
  • 出版社相关作品

书目信息

  • 表格格式
  • 工作单格式
  • 卡片格式
题名:
人民政协提案工作制度研究
    
 
作者: 林宏彬 著
分册:  
出版信息: 北京   人民日报出版社  2017
页数: 246页
开本: 24cm
丛书名:
单 册:
中图分类: D627
科图分类:
主题词:
电子资源:
ISBN: 978-7-5115-4818-4
000 00865nam0 2200229 450
001 012001003550
005 20140926114741.0
010    @a978-7-5115-4818-4@dCNY48.00
100    @a20180412d2017 em y0chiy50 ea
101 0  @achi
102    @aCN@b110000
105    @ay z 000yy
106    @ar
200 1  @a人民政协提案工作制度研究@9ren min zheng xie ti an gong zuo zhi du yan jiu@f林宏彬著
210    @a北京@c人民日报出版社@d2017
215    @a246页@d24cm
330    @a本书对人民政提案工作制度进行了系统的研究,一是对提案工作制度的内涵、特点、性质、作用和历史演变等进行了理论研究;二是在对各级政协调研的基础上,对提案办理协商这一重要的协商民主形式和影响力进行了实证研究。
601 02 @a中国人民政治协商会议@x提案@x工作制度@x研究
690    @aD627@v5
701  0 @a林宏彬@9lin hong bin@4著
801  0 @aCN@b上海新华@c20180901
905    @b1163083-7@dD627@e104@f5
    
    人民政协提案工作制度研究/林宏彬著.-北京:人民日报出版社,2017
    246页;24cm
    
    
    ISBN 978-7-5115-4818-4:CNY48.00
    本书对人民政提案工作制度进行了系统的研究,一是对提案工作制度的内涵、特点、性质、作用和历史演变等进行了理论研究;二是在对各级政协调研的基础上,对提案办理协商这一重要的协商民主形式和影响力进行了实证研究。
●
相关链接 在E读中查询图书 在五车中查询图书 在当当中查询图书 在豆瓣中查询图书


正题名:人民政协提案工作制度研究     索取号:D627/104         预约/预借

序号 登录号 条形码 馆藏地/架位号 状态 备注
1 1163083   211630831   第一样本阅览室/ [索取号:D627/104] 在馆    
2 1163084   211630840   密集书库-史法系/ [索取号:D627/104] 在馆    
3 1163085   211630859   第一借阅区/ [索取号:D627/104] 在馆    
4 1163086   211630868   第一借阅区/ [索取号:D627/104] 在馆    
5 1163087   211630877   第一借阅区/ [索取号:D627/104] 在馆    
唐山师范学院图书馆 欢迎您!
大连网信软件有限公司© 版权所有